चुप्पी तोड़ो खुलकर बोलोः (Record no. 214288)

MARC details
000 -LEADER
fixed length control field 01133nam a22002297a 4500
005 - DATE AND TIME OF LATEST TRANSACTION
control field 20260120105659.0
010 ## - LCCN (DPL NO)
LC control number B-777886
020 ## - INTERNATIONAL STANDARD BOOK NUMBER
Terms of availability 200.00
International Standard Book Number 9789390859825
035 ## - SYSTEM CONTROL NUMBER
System control number B-777886
037 ## - SOURCE OF ACQUISITION
Source of stock number/acquisition उपहार
082 ## - DEWEY DECIMAL CLASSIFICATION NUMBER
Classification number 155.2508
100 ## - MAIN ENTRY--PERSONAL NAME
Personal name राठी,मंजू
245 ## - TITLE STATEMENT
Title चुप्पी तोड़ो खुलकर बोलोः
Remainder of title किशोरावस्था में बालिकाओं का शारीरिक परिवर्तन शंकाएँ एवं समाधान/
Statement of responsibility, etc मंजू राठी
260 ## - PUBLICATION, DISTRIBUTION, ETC. (IMPRINT)
Place of publication, distribution, etc जयपुर(राज.)
Name of publisher, distributor, etc अनुपम प्रकाशन
Date of publication, distribution, etc 2024
270 ## - ADDRESS
City जयपुर
Address एफ-11, एस.जी.एम. हाउस नाटाणियों का रास्ता,चौड़ा रास्ता,
Postal code 302003
300 1# - PHYSICAL DESCRIPTION
Extent 144पृ.
Dimensions 22सेमी (अजिल्द)
700 ## - ADDED ENTRY--PERSONAL NAME
9 (RLIN) 51669
710 ## - ADDED ENTRY--CORPORATE NAME
9 (RLIN) 34811
710 ## - ADDED ENTRY--CORPORATE NAME
9 (RLIN) 35049
942 ## - ADDED ENTRY ELEMENTS (KOHA)
Source of classification or shelving scheme Dewey Decimal Classification
Item type Children Books
Call number suffix राठीमं
Classification part 155.2508
Holdings
Withdrawn status Lost status Not for loan Collection code Home library Current library Date acquired Source of acquisition Cost, normal purchase price Full call number Barcode Copy number Cost, replacement price Koha item type Public note
      Non-fiction Mobile Library Mobile Library 20/01/2026 उपहार/ 07.01.2026 200.00 राठीमं 155.2508 B-777886 1 200.00 Children Books उपहार

© Delhi Public Library
Hit Counter
free hit counter